Výskum a vývoj nových technológií a zariadení pre overovanie meradiel využívaných pri práci s pohonnými hmotami

Výskum a vývoj nových technológií a zariadení používaných v oblasti metrologického zabezpečenia v súvislosti s meraniami vykonávanými v priamej súvislosti s uhľovodíkovými palivami.

Uložené v:
Podrobná bibliografia
Hlavný autor: Kučera, Ľuboš
Ďalší autori: Gajdošík, Tomáš, Markovič, Jaromír, Pritula, Ondrej
Médium: Kapitola
Jazyk:Slovak
Predmet:
Tagy: Pridať tag
Žiadne tagy, Buďte prvý, kto otaguje tento záznam!

MARC

LEADER 00000naa a2200000 4500
001 0209156
005 20220420115855.2
041 0 |a slo 
044 |a SK 
245 1 0 |a Výskum a vývoj nových technológií a zariadení pre overovanie meradiel využívaných pri práci s pohonnými hmotami  |c Ľuboš Kučera, Tomáš Gajdošík, Jaromír Markovič, Ondrej Pritula 
520 |a Výskum a vývoj nových technológií a zariadení používaných v oblasti metrologického zabezpečenia v súvislosti s meraniami vykonávanými v priamej súvislosti s uhľovodíkovými palivami. 
610 2 0 |a technológie nové 
610 2 0 |a meranie 
610 2 0 |a certifikácia 
610 2 0 |a kontrola kvality 
610 2 0 |a palivá 
610 2 0 |a hmoty pohonné 
610 2 0 |a vozidlá motorové 
610 2 0 |a emisie 
100 1 |a Kučera, Ľuboš 
700 1 |a Gajdošík, Tomáš 
700 1 |a Markovič, Jaromír 
700 1 |a Pritula, Ondrej